Socio-economic implications of the growth of industrial investment in Mysore: a city of Karnataka (Record no. 51353)

000 -LEADER
fixed length control field 00482pab a2200169 454500
008 - FIXED-LENGTH DATA ELEMENTS--GENERAL INFORMATION
fixed length control field 180718b2001 xxu||||| |||| 00| 0 eng d
100 ## - MAIN ENTRY--PERSONAL NAME
Personal name Sreekantaradhya, B.S.
245 ## - TITLE STATEMENT
Title Socio-economic implications of the growth of industrial investment in Mysore: a city of Karnataka
260 ## - PUBLICATION, DISTRIBUTION, ETC.
Date of publication, distribution, etc. 2001
300 ## - PHYSICAL DESCRIPTION
Extent p.20-31
362 ## - DATES OF PUBLICATION AND/OR SEQUENTIAL DESIGNATION
Dates of publication and/or sequential designation Jan-Mar
650 ## - SUBJECT ADDED ENTRY--TOPICAL TERM
Topical term or geographic name entry element Mysore - Industries
650 ## - SUBJECT ADDED ENTRY--TOPICAL TERM
Topical term or geographic name entry element Industrial investment
700 ## - ADDED ENTRY--PERSONAL NAME
Personal name Basavaraja, M.G.
773 ## - HOST ITEM ENTRY
Main entry heading Nagarlok
909 ## -
-- 51353
Holdings
Withdrawn status Lost status Damaged status Not for loan Permanent Location Current Location Date acquired Serial Enumeration / chronology Barcode Date last seen Price effective from Koha item type
        Indian Institute of Public Administration Indian Institute of Public Administration 2018-07-19 Volume no: 33, Issue no: 1 AR51781 2018-07-19 2018-07-19 Articles

Powered by Koha